Statystyki dla Top 100 polski rap w histori

Kliknij tutaj aby rozwiązać quiz!

Ogólne statystyki

  • Ten quiz został rozwiązany 224 razy
  • Średni wynik to 41 z 100

Statystyki odpowiedzi

WykonawcynrWyświetleniaNazwa piosenki% Poprawnych
GrubSon3114mlnNa szczycie
90%
Ronnie Ferrari1148mlnOna by tak chciała
90%
Tymek,Big Scythe2130mlnJęzyk Ciała
85%
Quebonafide,ReTo597.2mlnHalf Dead
84%
White 21152666mlnCalifornia
78%
Deemz,Bedoes,Planbe793.8mlnEldorado
78%
TACONAFIDE1189.8mlnTamagotchi
77%
Quebonafide,Klaudia Szafrańska1485.6mlnCandy
75%
QBIK2169.8mln4 pory roku
74%
TACONAFIDE,Bedoes2268.5mln8 kobiet
74%
Paluch992.5mlnSzaman
73%
ReTo1679mlnUA
72%
Sarius2368.4mlnWiking
72%
Otsochodzi1584.3mlnnie nie
71%
Popek,Matheo1970.8mlnWodospady
70%
Tymek,Big Scythe,Deys1386.3mlnAnioły i Demony
69%
ReTo2468.1mlnPapierosy
65%
Ekipa,Wip Bros3256.6mlnPrzejmujemy Jutuby
65%
Otsochodzi,Taco Hemingway3654.2mlnNowy kolor
64%
Young Igi3355.3mlnBestia
63%
TACONAFIDE3454.4mlnKryptowaluty
63%
Tymek,Trill Pem,Tede1289mlnRAINMAN
63%
Szpaku3753.2mlnHinata
61%
Young Igi3158.2mlnMówiłaś
61%
Zbuku,Śliwa,Sztoss2070.3mlnMłoda krew
60%
K2,Buka694.1mln1 moment
59%
ReTo3952.7mlnBossman
59%
Mata7040.4mlnPatointeligencja
58%
Paluch893.2mlnBez strachu
55%
Blacha2860.8mlnCasablanca
55%
Kali3059.6mln30 KMH
54%
Blacha1778.8mlnMademoiselle
54%
Paluch1090mlnGdybyś kiedyś
52%
Sobel5048.7mlnImpreza
52%
ReTo,Quebonafide4550.8mlnSorry Dolores
52%
KaeN,Cheeba,WdoWA4102mlnZbyt wiele
52%
Sitek4052.6mlnChcemy być wyżej
51%
Sokół4152mlnChcemy być wyżej
51%
Guzior5745mlnPłuca zlepione topami
51%
Gang Albanii2568mlnDla prawdziwych dam
50%
Malik Montana,Mr.Polska5645.8mlnJagodzianki
49%
Ganja Mafia2765.6mlnMój Ziomek
49%
Tymek1878.6mlnPoza Kontrolą
49%
Bedoes,Golec uOrkiestra7837.9mlnJanosik
47%
Żabson6242.3mlnKsiężniczki
46%
Malik Montana,K Koke5148mlnRobie Yeah
46%
Paluch,Szpaku4649.8mlnKontrola Jakości
44%
Gang Albani6641.1mlnNapad na bank
44%
Bedoes,Lanek3853.1mlnJesteś ładniejsza niż na zdjęciach
43%
Gedz9934.8mlnBali
42%
Guzior9235.5mlnWIFI
42%
Bedoes,Kubi Producent3554.4mln05:05
41%
Szpaku,Włodi5347.6mlnOddajemy krew wampirom
41%
ReTo7738.4mlnRS7
41%
Guzior,Szpaku7339.5mlnNinja
40%
Beteo,ReTo8536.7mlnMeow
39%
Taco Hemingway5944.8mlnDeszcz na betonie
38%
Blacha,Bedoes9635.2mlnBraciszku
35%
Szpaku7239.6mlnUFO
35%
Smolasty,Otsochodzi5447.5mlnUzależniony
35%
Chada4351.2mlnŻyć aż do bólu
35%
Gang Albani4251.4mlnAlbański Raj
33%
KęKę6441.8mlnWyjebane
32%
Smolasty,Białas6341.8mlnFake love
30%
Taco Hemingway8237.1mlnFiji
28%
Szpaku9035.6mlnBajka
27%
Sobota,Matheo,Buczer,Bezczel2960.4mlnJeszcze będzie hajc
27%
Kubi Producent,Beteo,ReTo,Siles8636.6mlnBad boy
26%
Ganja Mafia8436.9mlnPole Marysi
26%
Quebonafide,Planbe9435.4mlnKawa i xanax
25%
Paluch9535.3mlnOKO
25%
Paluch,Słoń5844.8mlnBalans
24%
Zbuku4749.8mlnDo końca
24%
Quebonafide9335.5mlnZorza
23%
Kali,Paluch8037.5mlnOpary
22%
Qbik6840.6mlnTaka Dama
22%
Paluch6541.7mlnCARDIO
21%
Sokół,Pono,Fred,Franek Kimono7438.8mlnW aucie
21%
Paluch5547.3mlnDYM
16%
Sobota6740.9mlnJebać miłość
16%
Sobota6143mlnPrzepraszam
16%
Quebonafide9834.9mlnCest la Vie
14%
TKM10034.8mlnJeden buziak
14%
KęKę8736.2mlnNigdy ponad stan
14%
Popek,Kali,Rozbójnik Alibaba7538.7mlnBraci się nie traci
13%
Rozbójnik Alibaba,Chada,Kroolik Underwood7638.7mlnZosia
12%
Sulin8337.1mlnMiędzy mną a tobą
11%
Ganja Mafia,Justyna5247.9mlnGdy ujrzałem droge
10%
Donatan,Borixon,Kajman6940.5mlnNie lubimy robić
10%
Buka,Rahim,Natalia Nykiel6044.5mlnObiecuję Ci
10%
Popek4948.7mlnDirty Diana
9%
Sulin7937.6mlnJedna minuta
9%
O.S.T.R8137.1mlnMówiłaś mi
7%
Rozbójnik Alibaba,Pono,Kazan,Laura7140.1mlnW sieci
7%
Matheo,Popek,Sobota,Białas8935.8mlnU mnie wszystko gra
6%
Czarny HIFI,Pezet8835.9mlnNiedopowiedzenia
5%
Młody M,Słoń9735.1mlnNikt mi tego nie dał nikt mi tego nie zabierze
5%
Kali9135.6mlnTu gdzie żyjemy
5%
Szpaku4450.9mlnHot16challange2
2%
Chillwagon4849.5mln@
0%

Rozkład punktacji

Percentyl według liczby udzielonych odpowiedzi

Procent ludzi z każdym wynikiem

Twoja historia wyników

Nie rozwiązałeś tego quizu